Supervision that improves teaching and learning : (Record no. 137550)

MARC details
000 -LEADER
fixed length control field 00790nam a22002297a 4500
005 - DATE AND TIME OF LATEST TRANSACTION
control field 20170213125226.0
010 ## - LCCN (DPL NO)
LC control number ENG-117225
020 ## - INTERNATIONAL STANDARD BOOK NUMBER
International Standard Book Number 9789386062291
Terms of availability 795.00
035 ## - SYSTEM CONTROL NUMBER
System control number EN-100757
037 ## - SOURCE OF ACQUISITION
Source of stock number/acquisition DBAD/PUB
082 00 - DEWEY DECIMAL CLASSIFICATION NUMBER
Classification number 371.203
100 ## - MAIN ENTRY--PERSONAL NAME
Personal name Sullivan,Susan
245 ## - TITLE STATEMENT
Title Supervision that improves teaching and learning :
Statement of responsibility, etc by Susan Sullivan [and] Jeffrey Glanz ;foreword by Karen Osterman
Remainder of title Strategies and techniques /
250 ## - EDITION STATEMENT
Edition statement 4th ed.
260 ## - PUBLICATION, DISTRIBUTION, ETC. (IMPRINT)
Place of publication, distribution, etc New Delhi
Name of publisher, distributor, etc SAGE Publications
Date of publication, distribution, etc 2016
270 ## - ADDRESS
Address B1/I-1 Mohan Cooperative Industrial Area, Mathura Road
City New Delhi
Postal code 110044
300 ## - PHYSICAL DESCRIPTION
Extent xix,235
Dimensions 28cm(pbk)
500 ## - GENERAL NOTE
General note Includes reference and index
700 ## - ADDED ENTRY--PERSONAL NAME
Personal name Glanz, Jeffrey
700 ## - ADDED ENTRY--PERSONAL NAME
Personal name Osterman, Karen
942 ## - ADDED ENTRY ELEMENTS (KOHA)
Source of classification or shelving scheme Dewey Decimal Classification
Item type English Books
Classification part 371.203
Call number suffix SUL
Holdings
Withdrawn status Lost status Not for loan Collection code Home library Current library Date acquired Source of acquisition Cost, normal purchase price Full call number Barcode Copy number Cost, replacement price Koha item type
    Not For Loan Non-fiction D.B.Act.Division D.B.Act.Division 13/02/2017 DBAD/PUB 795.00 371.203 SUL EN-100757 1 795.00 English Books

© Delhi Public Library
Hit Counter
free hit counter